Борьба советских патриотов на оккупированной территории Молдавии. Июль 1941 - август 1944 гг. (Запись № 12691497)

Подробности
000 -МАРКЕР
контрольное поле 01546nem0a2200289 4500
001 - ИДЕНТИФИКАТОР ЗАПИСИ
контрольное поле RU\NLR\BIBL_A\022081747
005 - ИДЕНТИФИКАТОР ВЕРСИИ
контрольное поле 20250625113442.0
035 ## - ДРУГИЕ СИСТЕМНЫЕ НОМЕРА
Идентификатор записи (NLR Aleph) 022081747
100 ## - ДАННЫЕ ОБЩЕЙ ОБРАБОТКИ
Данные общей обработки 20231124d1983 |||y0rusy50 ca
101 0# - ЯЗЫК РЕСУРСА
Язык текста, звукозаписи и т.д. русский
102 ## - СТРАНА ПУБЛИКАЦИИ ИЛИ ПРОИЗВОДСТВА
Страна публикации Российская Федерация
120 ## - ПОЛЕ КОДИРОВАННЫХ ДАННЫХ: КАРТОГРАФИЧЕСКИЕ МАТЕРИАЛЫ - ОБЩИЕ ХАРАКТЕРИСТИКИ
Кодированные данные о картографическом материале (общие) byy xx||
123 1# - ПОЛЕ КОДИРОВАННЫХ ДАННЫХ: КАРТОГРАФИЧЕСКИЕ МАТЕРИАЛЫ - МАСШТАБ И КООРДИНАТЫ
Тип масштаба a
Постоянное отношение линейного горизонтального масштаба 400000
200 1# - ЗАГЛАВИЕ И СВЕДЕНИЯ ОБ ОТВЕТСТВЕННОСТИ
Основное заглавие Борьба советских патриотов на оккупированной территории Молдавии. Июль 1941 - август 1944 гг.
Общее обозначение материала Карты
Сведения, относящиеся к заглавию Карта для средней школы
Первые сведения об ответственности Сост. и подгот. к печати ф-кой № 2 ГУГК в 1982 г.
Последующие сведения об ответственности Ред. М. С. Рутковская
206 ## - ОБЛАСТЬ СПЕЦИФИЧЕСКИХ СВЕДЕНИЙ: КАРТОГРАФИЧЕСКИЕ МАТЕРИАЛЫ - МАТЕМАТИЧЕСКИЕ ДАННЫЕ
Сведения о математических данных 1:400 000, 4 км в 1 см.
210 ## - ПУБЛИКАЦИЯ, РАСПРОСТРАНЕНИЕ И ДР.
Место издания, распространения и т.д. Москва
Имя издателя, распространителя и т. д. ГУГК
Дата издания, распространения и т.д. 1983
215 ## - ФИЗИЧЕСКАЯ ХАРАКТЕРИСТИКА
Специфическое обозначение материала и объем 1 к.
Другие сведения о физической характеристике цв.
Размеры 80 х 102 см
509 01 - ЗАГОЛОВОК -СТРУКТУРИРОВАННОЕ ГЕОГРАФИЧЕСКОЕ ИЛИ ТЕМАТИЧЕСКОЕ НАИМЕНОВАНИЕ
Графика поля Кириллица
Географическое / тематическое наименование – начальный элемент ввода Молдавия
Системный номер авторитетной/нормативной записи 2633681
Идентификатор авторитетной / нормативной записи RU\NLR\auth_crt\55505
606 1# - НАИМЕНОВАНИЕ ТЕМЫ КАК ПРЕДМЕТ
Наименование темы Великая Отечественная война
Формальный подзаголовок Карты учебные для средней школы
Географический подзаголовок Молдавская ССР
Хронологический подзаголовок 1941 - 1945
Системный номер авторитетной/нормативной записи 1242245
Идентификатор авторитетной/нормативной записи RU\NLR\AUTH\66190281
607 ## - ГЕОГРАФИЧЕСКОЕ НАИМЕНОВАНИЕ КАК ПРЕДМЕТ
Географическое наименование Молдавская ССР
Формальный подзаголовок Карты учебные для средней школы
Тематический подзаголовок История
Хронологический подзаголовок 1941 - 1945
Системный номер авторитетной/нормативной записи 1242246
Идентификатор авторитетной/нормативной записи RU\NLR\AUTH\66190282
608 ## - ФОРМА, ЖАНР, ФИЗИЧЕСКИЕ ХАРАКТЕРИСТИКИ ДОКУМЕНТА КАК ТОЧКА ДОСТУПА
Начальный элемент ввода Исторические карты
Формальный подзаголовок Карты учебные для средней школы
Системный номер авторитетной/нормативной записи 1277729
Идентификатор авторитетной/нормативной записи RU\NLR\AUTH\66208787
702 #1 - ИМЯ ЛИЦА - ВТОРИЧНАЯ ОТВЕТСТВЕННОСТЬ
Начальный элемент ввода Рутковская
Часть имени, кроме начального элемента ввода М. С.
Код отношения Редактор
852 ## - МЕСТОНАХОЖДЕНИЕ И ШИФР ХРАНЕНИЯ
Идентификатор организации NLR
Наименование фонда или коллекции (Sub-Location Identifier) К
Шифр хранения (Call Number) 4-Укр 4/1186
Идентификатор единицы 75978
942 ## - ДОПОЛНИТЕЛЬНЫЕ ЭЛЕМЕНТЫ ЗАПИСИ (АБИС)
Тип экземпляра АБИС Карта
980 ## - КОЛЛЕКЦИЯ
Название коллекции Национальная библиография

Нет доступных экземпляров.